[Event "Titled Tuesday intern op 16th Apr Early"]
[Site "Chess.com INT"]
[Date "2024.04.16"]
[Round "5"]
[White "Zou, Chen"]
[Black "Figueredo Losada, Leonel"]
[Result "1-0"]
[WhiteElo "2449"]
[BlackElo "2323"]
[PlyCount "93"]
[EventDate "2024.04.16"]
[EventType "swiss (blitz)"]
[EventRounds "11"]
[EventCountry "USA"]
[SourceTitle "CB17_2024"]
[SourceDate "2024.04.24"]
[SourceVersion "1"]
[SourceVersionDate "2024.04.24"]
[SourceQuality "1"]

1. e4 e5 2. Nf3 Nc6 3. Bb5 a6 4. Ba4 d6 5. c3 Bd7 6. 0-0 g6 7. d4 Bg7 8. h3 Nf6 9. Re1 0-0 10. Bg5 h6 11. Bh4 Qe8 12. Bc2 Kh8 13. Nbd2 b5 14. Nf1 Nh5 15. Ne3 Nd8 16. a4 Ne6 17. axb5 axb5 18. Rxa8 Qxa8 19. dxe5 Qa6 20. exd6 cxd6 21. Be7 Re8 22. Bxd6 Bc6 23. Ne5 Kg8 24. Nxc6 Qxc6 25. Qd5 Qb6 26. e5 Rd8 27. Rd1 b4 28. cxb4 Nhf4 29. Qa5 Qc6 30. b5 Qb7 31. Qa6 Qd7 32. Qc6 Qa7 33. b6 Qa6 34. Kh1 Qe2 35. Qf3 Qb5 36. b7 g5 37. b8Q Rxb8 38. Bxb8 Qxb8 39. Ng4 Qxb2 40. Bf5 Nd4 41. Qa8+ Bf8 42. Qe4 Nde2 43. e6 Qb3 44. exf7+ Kg7 45. Qe5+ Kxf7 46. Rd7+ Kg8 47. Bh7# 1-0

[Event "San Jose 1000 GM Spring Break 3 Gp1"]
[Site "San Jose"]
[Date "2024.04.06"]
[Round "4.5"]
[White "Figueredo Losada, Leonel"]
[Black "Atwell, Rose"]
[Result "1-0"]
[WhiteElo "2323"]
[BlackElo "2279"]
[PlyCount "85"]
[EventDate "2024.04.05"]
[EventType "schev"]
[EventRounds "5"]
[EventCountry "USA"]
[SourceTitle "CB16_2024"]
[SourceDate "2024.04.17"]
[SourceVersion "1"]
[SourceVersionDate "2024.04.17"]
[SourceQuality "1"]
[WhiteTeam "Masters"]
[BlackTeam "Challengers"]
[WhiteTeamCountry "USA"]
[BlackTeamCountry "USA"]

1. d4 d5 2. c4 c6 3. Nc3 Nf6 4. cxd5 cxd5 5. Bf4 Nc6 6. e3 Bf5 7. Qb3 Na5 8. Qa4+ Bd7 9. Qc2 Rc8 10. Nf3 e6 11. Bd3 b5 12. a3 Nc4 13. 0-0 a5 14. Qe2 Be7 15. Ne5 0-0 16. a4 b4 17. Nxd7 Qxd7 18. Nb5 Rc6 19. b3 Nb6 20. Rac1 Rfc8 21. Rxc6 Rxc6 22. Qf3 Qb7 23. g4 Rc8 24. Qh3 g6 25. f3 Nbd7 26. Qg2 Qb6 27. Qd2 Ne8 28. Rc1 Rd8 29. Bg3 f6 30. Qc2 e5 31. Qc6 Qxc6 32. Rxc6 Nb8 33. Rb6 Kf7 34. Kf1 Rc8 35. Ke2 Nd7 36. Rb7 Ke6 37. e4 Rd8 38. exd5+ Kxd5 39. Be4+ Ke6 40. Bc6 Bd6 41. d5+ Ke7 42. Bf2 f5 43. Bb6 1-0

[Event "San Jose 1000 GM Spring Break 2 Gp1"]
[Site "San Jose"]
[Date "2024.04.04"]
[Round "5.4"]
[White "Guo, Andrew"]
[Black "Figueredo Losada, Leonel"]
[Result "1/2-1/2"]
[WhiteElo "2215"]
[BlackElo "2323"]
[PlyCount "100"]
[EventDate "2024.04.02"]
[EventType "schev"]
[EventRounds "5"]
[EventCountry "USA"]
[SourceTitle "CB16_2024"]
[SourceDate "2024.04.17"]
[SourceVersion "1"]
[SourceVersionDate "2024.04.17"]
[SourceQuality "1"]
[WhiteTeam "Challengers"]
[BlackTeam "Masters"]
[WhiteTeamCountry "USA"]
[BlackTeamCountry "USA"]

1. d4 d5 2. c4 dxc4 3. Nf3 Nf6 4. e3 Bg4 5. Bxc4 e6 6. 0-0 Bd6 7. Nc3 Nc6 8. Be2 0-0 9. h3 Bh5 10. Qa4 a6 11. a3 h6 12. Rd1 Qe7 13. Qc2 Rad8 14. Nh4 Bxe2 15. Nxe2 Nh5 16. Nf3 f5 17. Nc3 Kh8 18. e4 e5 19. dxe5 Nxe5 20. Qe2 f4 21. Bd2 c6 22. Be1 Nxf3+ 23. Qxf3 Nf6 24. Rd4 Be5 25. Rxd8 Rxd8 26. Rd1 Rxd1 27. Nxd1 c5 28. Bc3 b5 29. Qd3 c4 30. Qc2 Qc5 31. Bxe5 Qxe5 32. Nc3 a5 33. Qd2 b4 34. axb4 axb4 35. Na2 Qxe4 36. Nxb4 f3 37. gxf3 Qxf3 38. Qc3 Qe4 39. Qd2 Qf5 40. Qe2 Ne4 41. Kg2 h5 42. Qe3 Qg6+ 43. Kf1 Nf6 44. Qc3 Qe4 45. Qc2 Qh1+ 46. Ke2 Qxh3 47. Qxc4 Qf5 48. Nd3 Qh3 49. Nb4 h4 50. Nd3 Qh1 1/2-1/2

[Event "San Jose 1000 GM Spring Break 2 Gp1"]
[Site "San Jose"]
[Date "2024.04.03"]
[Round "4.5"]
[White "Figueredo Losada, Leonel"]
[Black "Wang, Jeffery"]
[Result "0-1"]
[WhiteElo "2323"]
[BlackElo "2056"]
[PlyCount "96"]
[EventDate "2024.04.02"]
[EventType "schev"]
[EventRounds "5"]
[EventCountry "USA"]
[SourceTitle "CB16_2024"]
[SourceDate "2024.04.17"]
[SourceVersion "1"]
[SourceVersionDate "2024.04.17"]
[SourceQuality "1"]
[WhiteTeam "Masters"]
[BlackTeam "Challengers"]
[WhiteTeamCountry "USA"]
[BlackTeamCountry "USA"]

1. d4 Nf6 2. Bg5 d5 3. Bxf6 exf6 4. e3 Bd6 5. Bd3 c6 6. Nd2 Be6 7. c4 dxc4 8. Bxc4 0-0 9. Ngf3 Qe7 10. 0-0 Nd7 11. Qc2 f5 12. Rfe1 Nf6 13. Bxe6 Qxe6 14. Rac1 Ne4 15. a3 a5 16. g3 Rfe8 17. Qb3 Qd7 18. Red1 a4 19. Qd3 Qe6 20. Nc4 Qf6 21. Qc2 Bc7 22. Ncd2 Bd6 23. Nb1 Qg6 24. Nc3 Nxc3 25. Nh4 Qg4 26. bxc3 f4 27. exf4 Bxa3 28. Ra1 Re2 29. Rd2 Rxd2 30. Qxd2 Bf8 31. d5 Qd7 32. c4 cxd5 33. Nf3 a3 34. Ne5 Qd6 35. cxd5 b5 36. Qd3 f6 37. Nc6 b4 38. Qb3 Re8 39. Ra2 Re1+ 40. Kg2 Rc1 41. Re2 Rc3 42. Qd1 b3 43. Re6 Qd7 44. Qd4 b2 45. Qe4 Rc5 46. Re8 Rb5 47. Qe6+ Qxe6 48. dxe6 Rb7 0-1

[Event "Santa Clara 1000 GM Schev2 03"]
[Site "Santa Clara"]
[Date "2024.03.11"]
[Round "5.1"]
[White "Tang, Dylan"]
[Black "Figueredo Losada, Leonel"]
[Result "1-0"]
[WhiteElo "2152"]
[BlackElo "2325"]
[PlyCount "93"]
[EventDate "2024.03.06"]
[EventType "schev"]
[EventRounds "5"]
[EventCountry "USA"]
[SourceTitle "CB13_2024"]
[SourceDate "2024.03.27"]
[SourceVersion "1"]
[SourceVersionDate "2024.03.27"]
[SourceQuality "1"]

1. e4 e5 2. Nf3 Nc6 3. Bb5 a6 4. Ba4 d6 5. 0-0 Bd7 6. c3 g6 7. d4 Bg7 8. d5 Nce7 9. c4 h6 10. Nc3 f5 11. Nd2 Nf6 12. Rb1 0-0 13. b4 Bc8 14. f3 f4 15. c5 g5 16. Nc4 b5 17. cxb6 cxb6 18. Bc6 Nxc6 19. dxc6 b5 20. Na5 Be6 21. Nd5 Bxd5 22. exd5 Qb6+ 23. Kh1 Qd4 24. Bb2 Qxd1 25. Rfxd1 Ne8 26. Rbc1 Kf7 27. Nb7 Ke7 28. Bc3 Bf6 29. Be1 Kf7 30. a4 bxa4 31. Bf2 Ke7 32. Rc2 g4 33. Ra2 gxf3 34. gxf3 Ng7 35. Rxa4 Nf5 36. Rc1 Rg8 37. Na5 Bh4 38. Bxh4+ Nxh4 39. Nc4 Nxf3 40. Nb6 Rab8 41. Rxa6 e4 42. c7 Rbc8 43. Nxc8+ Rxc8 44. b5 e3 45. b6 Kd7 46. b7 Rxc7 47. Rxd6+ 1-0

[Event "Santa Clara 1000 GM Schev2 03"]
[Site "Santa Clara"]
[Date "2024.03.09"]
[Round "1.5"]
[White "Figueredo Losada, Leonel"]
[Black "Zhou, Ruoyu"]
[Result "1-0"]
[WhiteElo "2325"]
[BlackElo "2168"]
[PlyCount "135"]
[EventDate "2024.03.06"]
[EventType "schev"]
[EventRounds "5"]
[EventCountry "USA"]
[SourceTitle "CB13_2024"]
[SourceDate "2024.03.27"]
[SourceVersion "1"]
[SourceVersionDate "2024.03.27"]
[SourceQuality "1"]

1. Nf3 d5 2. g3 e6 3. c4 Nf6 4. Bg2 Be7 5. b3 0-0 6. Bb2 c5 7. 0-0 d4 8. b4 a5 9. bxc5 Nc6 10. d3 Bxc5 11. Ba3 Nd7 12. Nfd2 Bxa3 13. Nxa3 Nc5 14. Ne4 Nxe4 15. Bxe4 e5 16. Qb3 a4 17. Qb5 Qe7 18. Nc2 Ra5 19. Qb2 f5 20. Bd5+ Be6 21. Bxe6+ Qxe6 22. Rab1 Rf7 23. Nb4 Nxb4 24. Qxb4 Ra6 25. Qc5 Rc6 26. Qa5 Ra6 27. Qd8+ Rf8 28. Qc7 Rc6 29. Qxb7 f4 30. Rb5 e4 31. Re5 Qxe5 32. Qxc6 exd3 33. exd3 f3 34. h3 Qf5 35. Re1 h6 36. Qe6+ Qxe6 37. Rxe6 Rb8 38. g4 Rb2 39. Rd6 Rxa2 40. Rxd4 Rd2 41. Rd8+ Kh7 42. Ra8 Rxd3 43. Rxa4 Rd2 44. Ra6 Rc2 45. Rc6 g5 46. c5 Kg7 47. Rc8 Kh7 48. c6 Kg7 49. Rc7+ Kg6 50. Rc8 Kg7 51. Kh2 Rxf2+ 52. Kg3 Rc2 53. Kxf3 Rc3+ 54. Ke4 Rxh3 55. Kd4 Rh1 56. Re8 Rc1 57. Kd5 Kf7 58. Re4 Ra1 59. c7 Ra8 60. Kc6 Kg7 61. Kb7 Rf8 62. c8Q Rxc8 63. Kxc8 h5 64. gxh5 Kh6 65. Kd7 Kxh5 66. Ke6 g4 67. Kf5 g3 68. Rg4 1-0

[Event "Sunnyvale 1000 GM MLK IM"]
[Site "Sunnyvale"]
[Date "2024.01.14"]
[Round "3"]
[White "Figueredo Losada, Leonel"]
[Black "Tang, Dylan"]
[Result "1/2-1/2"]
[WhiteElo "2381"]
[BlackElo "2206"]
[PlyCount "108"]
[EventDate "2024.01.13"]
[EventType "tourn"]
[EventRounds "9"]
[EventCountry "USA"]
[EventCategory "2"]
[SourceTitle "CB04_2024"]
[SourceDate "2023.10.16"]
[SourceVersion "1"]
[SourceVersionDate "2023.10.16"]
[SourceQuality "1"]

1. d4 d5 2. Nf3 Nf6 3. e3 e6 4. c4 c5 5. cxd5 Nxd5 6. e4 Nb6 7. Nc3 cxd4 8. Qxd4 Qxd4 9. Nxd4 Bc5 10. Nb3 Bb4 11. a3 Bxc3+ 12. bxc3 Na4 13. Be3 0-0 14. Nc5 Nxc5 15. Bxc5 Rd8 16. Rd1 Rxd1+ 17. Kxd1 b6 18. Be3 Bb7 19. f3 Nc6 20. Kc2 Kf8 21. Bb5 Rd8 22. h4 Ne5 23. Rd1 Rxd1 24. Kxd1 Bc6 25. Be2 Ba4+ 26. Kd2 Bb3 27. Bf4 Nc4+ 28. Bxc4 Bxc4 29. Ke3 Ke7 30. Bb8 a6 31. f4 f5 32. exf5 exf5 33. Kd4 Bf1 34. g3 h5 35. Ke5 g6 36. Ba7 b5 37. Bc5+ Kd7 38. Kf6 Be2 39. Kxg6 Bg4 40. Kf6 Kc6 41. Bb4 Kb6 42. Ke5 a5 43. Be7 a4 44. Kd6 Be2 45. Bd8+ Ka6 46. Kc5 Bd1 47. c4 bxc4 48. Kxc4 Kb7 49. Kc5 Kc8 50. Ba5 Kd7 51. Kd5 Bg4 52. Bb4 Bh3 53. Be1 Bg4 54. Bf2 Ke7 1/2-1/2

[Event "Sunnyvale 1000 GM Winter 01"]
[Site "Sunnyvale"]
[Date "2024.01.06"]
[Round "8"]
[White "Figueredo Losada, Leonel"]
[Black "Rajaram, Rohan"]
[Result "1-0"]
[WhiteElo "2381"]
[BlackElo "2151"]
[PlyCount "111"]
[EventDate "2024.01.02"]
[EventType "schev"]
[EventRounds "9"]
[EventCountry "USA"]
[SourceTitle "CB02_2024"]
[SourceDate "2024.01.10"]
[SourceVersion "1"]
[SourceVersionDate "2024.01.10"]
[SourceQuality "1"]

1. Nf3 d5 2. g3 g6 3. c4 c6 4. Qa4 dxc4 5. Qxc4 Bg7 6. Bg2 Nf6 7. 0-0 0-0 8. d3 Nbd7 9. Qc2 Re8 10. Nbd2 Nb6 11. e4 e5 12. b3 Qc7 13. Bb2 Bg4 14. h3 Bxf3 15. Nxf3 Rad8 16. Rfd1 Nfd7 17. b4 Nf8 18. a4 Ne6 19. Rac1 Rc8 20. Qb3 Qd6 21. h4 Nd7 22. Bh3 Rcd8 23. Rc2 Bf8 24. Bc3 c5 25. b5 Nd4 26. Bxd4 exd4 27. Ng5 Re7 28. f4 h6 29. e5 Qc7 30. Nxf7 Rxf7 31. e6 Re7 32. exd7+ Kg7 33. Qd5 Qb6 34. Kf2 Re3 35. Re2 Rxe2+ 36. Kxe2 Qc7 37. Kf3 b6 38. Re1 Qd6 39. Qc6 Qxc6+ 40. bxc6 Bd6 41. Ke4 Bc7 42. Kd5 Kf7 43. Re6 g5 44. fxg5 hxg5 45. hxg5 Rg8 46. g6+ Rxg6 47. Rxg6 Kxg6 48. Ke6 c4 49. dxc4 Kg7 50. Ke7 d3 51. d8Q Bxd8+ 52. Kxd8 d2 53. Bg4 Kf6 54. c7 Kg5 55. Bd1 Kf6 56. c8Q 1-0

[Event "Carlos Torre Memorial op 33rd"]
[Site "Merida"]
[Date "2023.12.19"]
[Round "9"]
[White "Cardoso Cardoso, Jose Gabriel"]
[Black "Figueredo Losada, Leonel"]
[Result "1-0"]
[WhiteElo "2471"]
[BlackElo "2379"]
[PlyCount "115"]
[EventDate "2023.12.15"]
[EventType "swiss"]
[EventRounds "9"]
[EventCountry "MEX"]
[SourceTitle "CB52_2023"]
[SourceDate "2023.12.27"]
[SourceVersion "1"]
[SourceVersionDate "2023.12.27"]
[SourceQuality "1"]

1. e4 e5 2. Nf3 Nc6 3. Bc4 Nf6 4. d3 h6 5. 0-0 d6 6. c3 g6 7. Re1 Bg7 8. h3 0-0 9. Nbd2 Na5 10. Bb5 a6 11. Ba4 b5 12. Bc2 c5 13. Nf1 Bb7 14. Ng3 Re8 15. Be3 Qc7 16. Qd2 Kh7 17. b4 cxb4 18. cxb4 Nc6 19. Bb3 a5 20. a3 axb4 21. axb4 Rxa1 22. Rxa1 Qd7 23. Rd1 d5 24. Bc5 Nb8 25. d4 exd4 26. e5 Ne4 27. Nxe4 dxe4 28. e6 fxe6 29. Nxd4 Bd5 30. Qe2 Bxd4 31. Rxd4 Qc6 32. Qd1 Bxb3 33. Qxb3 Nd7 34. Qe3 Nxc5 35. bxc5 Rc8 36. Qf4 Rc7 37. Qe5 b4 38. Rd6 Qb5 39. Qxe6 Rg7 40. Qe5 b3 41. Rb6 Qc4 42. c6 h5 43. Rb7 Rf7 44. Kh2 e3 45. fxe3 Kh6 46. c7 Rf2 47. Rb8 Rxg2+ 48. Kxg2 Qe2+ 49. Kg3 Qe1+ 50. Kf3 Qf1+ 51. Ke4 Qc4+ 52. Qd4 Qc6+ 53. Ke5 Qxc7+ 54. Qd6 Qc3+ 55. Kf4 Qc4+ 56. Kg3 h4+ 57. Kf2 Qc2+ 58. Kf3 1-0

[Event "Carlos Torre Memorial op 33rd"]
[Site "Merida"]
[Date "2023.12.18"]
[Round "7"]
[White "Miranda Mesa, Elier"]
[Black "Figueredo Losada, Leonel"]
[Result "1/2-1/2"]
[WhiteElo "2495"]
[BlackElo "2379"]
[PlyCount "82"]
[EventDate "2023.12.15"]
[EventType "swiss"]
[EventRounds "9"]
[EventCountry "MEX"]
[SourceTitle "CB52_2023"]
[SourceDate "2023.12.27"]
[SourceVersion "1"]
[SourceVersionDate "2023.12.27"]
[SourceQuality "1"]

1. e4 e5 2. Nf3 Nc6 3. Bb5 a6 4. Ba4 d6 5. 0-0 Bd7 6. c3 g6 7. d4 Bg7 8. h3 Nf6 9. Re1 0-0 10. Bc2 Nh5 11. a4 Qe8 12. Na3 f5 13. Nc4 fxe4 14. Bxe4 Qf7 15. dxe5 Be6 16. Bxc6 bxc6 17. Na5 Bd5 18. Ra3 Bxf3 19. Qxf3 Qxf3 20. gxf3 Bxe5 21. Nxc6 Bf4 22. Bxf4 Nxf4 23. Rb3 Nxh3+ 24. Kh2 Ng5 25. Kg2 Rxf3 26. Rb8+ Rxb8 27. Nxb8 a5 28. Nc6 Rf4 29. b3 Rg4+ 30. Kf1 h5 31. Nxa5 h4 32. Nc4 Nf3 33. Re8+ Kf7 34. Re3 Rg1+ 35. Ke2 Ng5 36. Nd2 Ne6 37. Nf3 h3 38. Nh2 Rh1 39. Ng4 h2 40. Kf3 Rb1 41. Nxh2 Rh1 1/2-1/2

[Event "Carlos Torre Memorial op 33rd"]
[Site "Merida"]
[Date "2023.12.17"]
[Round "5"]
[White "Martinez Duany, Lelys Stanley"]
[Black "Figueredo Losada, Leonel"]
[Result "1/2-1/2"]
[WhiteElo "2483"]
[BlackElo "2379"]
[PlyCount "112"]
[EventDate "2023.12.15"]
[EventType "swiss"]
[EventRounds "9"]
[EventCountry "MEX"]
[SourceTitle "CB52_2023"]
[SourceDate "2023.12.27"]
[SourceVersion "1"]
[SourceVersionDate "2023.12.27"]
[SourceQuality "1"]

1. d4 Nf6 2. g3 d5 3. Bg2 Bf5 4. Nf3 e6 5. 0-0 Be7 6. c4 c6 7. Nc3 h6 8. Nd2 0-0 9. e4 dxe4 10. Ndxe4 Nxe4 11. Nxe4 Nd7 12. Be3 Nf6 13. Nc3 Qa5 14. h3 Rad8 15. Qa4 Qxa4 16. Nxa4 Be4 17. Rfc1 Bxg2 18. Kxg2 Rd7 19. Nc3 Rfd8 20. a4 Ne8 21. d5 exd5 22. cxd5 c5 23. a5 Nf6 24. Na4 Nxd5 25. Bxc5 Bxc5 26. Rxc5 Nb4 27. Rc4 Nd3 28. Kf1 Rd5 29. Rd1 Ne5 30. Rxd5 Rxd5 31. Rc8+ Kh7 32. Rc5 Rxc5 33. Nxc5 b6 34. axb6 axb6 35. Na4 b5 36. Nc3 b4 37. Nd1 Kg6 38. Ke2 Kf5 39. Ke3 Nc6 40. Kd3 Ne5+ 41. Kd4 Nf3+ 42. Kd5 Ng1 43. Ne3+ Kf6 44. h4 h5 45. Kc4 Ke5 46. Kxb4 Ke4 47. Kc3 Kf3 48. Nf5 Kxf2 49. b4 Nf3 50. b5 Ne5 51. Kd4 Nd7 52. Nxg7 Kxg3 53. Nxh5+ Kxh4 54. Ng7 Kg4 55. Kd5 f5 56. Ne6 f4 1/2-1/2

[Event "Sunnyvale 1000 GM Thanksgiving IM1"]
[Site "Sunnyvale"]
[Date "2023.11.26"]
[Round "8"]
[White "Stevens, Adam B"]
[Black "Figueredo Losada, Leonel"]
[Result "0-1"]
[WhiteElo "1823"]
[BlackElo "2373"]
[PlyCount "80"]
[EventDate "2023.11.22"]
[EventType "schev"]
[EventRounds "9"]
[EventCountry "USA"]
[SourceTitle "CB48_2023"]
[SourceDate "2023.11.29"]
[SourceVersion "1"]
[SourceVersionDate "2023.11.29"]
[SourceQuality "1"]

1. Nf3 d6 2. d4 g6 3. c4 Bg7 4. e4 Bg4 5. Be2 c5 6. dxc5 dxc5 7. Qxd8+ Kxd8 8. 0-0 Nc6 9. Nc3 Bxc3 10. bxc3 Nf6 11. e5 Nd7 12. Bf4 Bxf3 13. Bxf3 Ndxe5 14. Bxe5 Nxe5 15. Bxb7 Rb8 16. Rab1 e6 17. Ba6 Kc7 18. f4 Nd7 19. Kf2 Nf6 20. Kf3 Rhd8 21. Rxb8 Rxb8 22. Bb5 Rd8 23. Ke3 Rd6 24. h3 Rb6 25. Rf2 a6 26. Ba4 Rb1 27. Bc2 Rc1 28. Kd3 Ne8 29. Bb3 Nd6 30. g4 Rxc3+ 31. Kxc3 Ne4+ 32. Kd3 Nxf2+ 33. Ke3 Nxh3 34. Kf3 g5 35. fxg5 Nxg5+ 36. Kf4 f6 37. Bc2 Kd6 38. Bd3 Ke7 39. Bc2 h6 40. Ba4 Nf7 0-1

[Event "Sunnyvale 1000 GM Thanksgiving IM1"]
[Site "Sunnyvale"]
[Date "2023.11.25"]
[Round "7"]
[White "Figueredo Losada, Leonel"]
[Black "Sivakumar, Shaashwath"]
[Result "1/2-1/2"]
[WhiteElo "2373"]
[BlackElo "2227"]
[PlyCount "51"]
[EventDate "2023.11.22"]
[EventType "schev"]
[EventRounds "9"]
[EventCountry "USA"]
[SourceTitle "CB48_2023"]
[SourceDate "2023.11.29"]
[SourceVersion "1"]
[SourceVersionDate "2023.11.29"]
[SourceQuality "1"]

1. Nf3 d5 2. c4 c6 3. e3 Nf6 4. Nc3 a6 5. d4 Bf5 6. cxd5 cxd5 7. Qb3 Ra7 8. Ne5 Nc6 9. Be2 Nxe5 10. dxe5 Nd7 11. Qxd5 e6 12. Qd1 Nxe5 13. Qxd8+ Kxd8 14. e4 Bg6 15. Be3 Ra8 16. 0-0 f6 17. f4 Nd7 18. Rad1 Rc8 19. Rd2 Bc5 20. Bxc5 Rxc5 21. Rfd1 Be8 22. f5 Ke7 23. fxe6 Ne5 24. Rd8 Rf8 25. Rb8 Bc6 26. Rxf8 1/2-1/2

[Event "Sunnyvale 1000 GM Thanksgiving IM1"]
[Site "Sunnyvale"]
[Date "2023.11.23"]
[Round "3"]
[White "Figueredo Losada, Leonel"]
[Black "Karthi, Jashith"]
[Result "1/2-1/2"]
[WhiteElo "2373"]
[BlackElo "2120"]
[PlyCount "70"]
[EventDate "2023.11.22"]
[EventType "schev"]
[EventRounds "9"]
[EventCountry "USA"]
[SourceTitle "CB48_2023"]
[SourceDate "2023.11.29"]
[SourceVersion "1"]
[SourceVersionDate "2023.11.29"]
[SourceQuality "1"]

1. Nf3 d5 2. b3 Nf6 3. Bb2 g6 4. c4 dxc4 5. bxc4 Bg7 6. g3 0-0 7. Bg2 c5 8. 0-0 Nc6 9. d3 Qc7 10. Nc3 a6 11. Rb1 Rd8 12. Ba1 Be6 13. Qc1 Rab8 14. Ng5 Bd7 15. Nd5 Nxd5 16. Bxd5 e6 17. Bxg7 Kxg7 18. Qb2+ Nd4 19. e3 exd5 20. exd4 f6 21. dxc5 Qxc5 22. Rfe1 dxc4 23. Ne4 Qe5 24. Qxe5 fxe5 25. dxc4 Be6 26. c5 Bxa2 27. Rb6 Rdc8 28. Nc3 Bf7 29. Rxe5 Rc6 30. f4 Rxb6 31. cxb6 Rc8 32. Ne4 Rc6 33. Re7 Rxb6 34. Ng5 Rf6 35. Rc7 Re6 1/2-1/2

[Event "MEX-ch"]
[Site "Mexico City"]
[Date "2023.11.11"]
[Round "8"]
[White "Figueredo Losada, Leonel"]
[Black "Obregon Rivero, Juan Carlos"]
[Result "1/2-1/2"]
[WhiteElo "2373"]
[BlackElo "2483"]
[PlyCount "37"]
[EventDate "2023.11.07"]
[EventType "swiss"]
[EventRounds "9"]
[EventCountry "MEX"]
[SourceTitle "CB46_2023"]
[SourceDate "2023.11.15"]
[SourceVersion "1"]
[SourceVersionDate "2023.11.15"]
[SourceQuality "1"]

1. e4 c5 2. Nf3 Nc6 3. Nc3 g6 4. d4 cxd4 5. Nxd4 Bg7 6. Be3 Nf6 7. Bc4 0-0 8. Bb3 Qa5 9. f3 d6 10. Qd2 Nxd4 11. Bxd4 Be6 12. 0-0-0 Rfc8 13. Kb1 b5 14. Bxf6 Bxf6 15. Nd5 Qxd2 16. Nxf6+ Kg7 17. Nh5+ Kh6 18. Rxd2 Kxh5 19. Re1 1/2-1/2

[Event "MEX-ch"]
[Site "Mexico City"]
[Date "2023.11.10"]
[Round "5"]
[White "Garcia De Dios, Jose Antonio"]
[Black "Figueredo Losada, Leonel"]
[Result "0-1"]
[WhiteElo "2242"]
[BlackElo "2373"]
[PlyCount "104"]
[EventDate "2023.11.07"]
[EventType "swiss"]
[EventRounds "9"]
[EventCountry "MEX"]
[SourceTitle "CB46_2023"]
[SourceDate "2023.11.15"]
[SourceVersion "1"]
[SourceVersionDate "2023.11.15"]
[SourceQuality "1"]

1. d4 d5 2. c4 e6 3. Nf3 c6 4. g3 Nf6 5. Bg2 Nbd7 6. Qc2 Bb4+ 7. Bd2 Be7 8. 0-0 Ne4 9. Bf4 0-0 10. Nc3 g5 11. Be3 Nd6 12. cxd5 exd5 13. Rad1 f5 14. Ne1 Qe8 15. Nd3 Qh5 16. Bc1 f4 17. gxf4 Nf5 18. e3 Nh4 19. f3 Kh8 20. e4 g4 21. fxg4 Qxg4 22. Qe2 Qxe2 23. Nxe2 Nxg2 24. Kxg2 dxe4 25. Nf2 Nf6 26. Ng3 Be6 27. b3 Rg8 28. Kh1 e3 29. Bxe3 Bd5+ 30. Kg1 h5 31. f5 h4 32. Bf4 hxg3 33. hxg3 Kg7 34. Nd3 Rh8 35. Ne5 Rh1+ 36. Kf2 Rh2+ 37. Ke3 Bb4 38. g4 Rh3+ 39. Ke2 Ne4 40. Rd3 Rah8 41. g5 Rh2+ 42. Bxh2 Rxh2+ 43. Ke3 Nxg5 44. f6+ Kf8 45. Kf4 Ne6+ 46. Kf5 Rg2 47. Nf3 Rg3 48. Ke5 Kf7 49. Rh1 Bxf3 50. Rh7+ Kg6 51. Rxb7 Rg5+ 52. Kxe6 Bg4# 0-1

[Event "MEX-ch"]
[Site "Mexico City"]
[Date "2023.11.08"]
[Round "2"]
[White "Figueredo Losada, Leonel"]
[Black "Limon Olmos, Ivan Alonso"]
[Result "1/2-1/2"]
[WhiteElo "2373"]
[BlackElo "2152"]
[PlyCount "100"]
[EventDate "2023.11.07"]
[EventType "swiss"]
[EventRounds "9"]
[EventCountry "MEX"]
[SourceTitle "CB46_2023"]
[SourceDate "2023.11.15"]
[SourceVersion "1"]
[SourceVersionDate "2023.11.15"]
[SourceQuality "1"]

1. d4 d5 2. c4 e6 3. Nf3 Nf6 4. e3 c6 5. Nbd2 Nbd7 6. Bd3 Be7 7. 0-0 b6 8. Qe2 Bb7 9. b3 0-0 10. Bb2 c5 11. Rfd1 dxc4 12. bxc4 Qc7 13. Rac1 Rad8 14. Bb1 Qb8 15. Qd3 Qa8 16. d5 exd5 17. cxd5 Bxd5 18. e4 Bc6 19. Qc2 Nh5 20. e5 g6 21. Qc3 Nf4 22. Qe3 Ne6 23. Ne4 Rfe8 24. h4 Bf8 25. Nh2 h5 26. Nd6 Re7 27. Qg3 Ng7 28. f4 Re6 29. f5 Rxd6 30. exd6 Be4 31. fxg6 fxg6 32. Nf3 Bxb1 33. Rxb1 Qe4 34. Ng5 Qg4 35. Qb3+ c4 36. Qb5 Nc5 37. Rd4 Qe2 38. Qxc4+ Qxc4 39. Rxc4 Nf5 40. Ne4 Ne3 41. Nf6+ Kf7 42. Rf4 Bxd6 43. Rf3 Nf5 44. g4 hxg4 45. Nxg4 Ne4 46. Nh6+ Ke6 47. Nxf5 gxf5 48. Re1 Bc5+ 49. Kf1 Rd2 50. Re2 Rd1+ 1/2-1/2

[Event "Cancun Camara Cup 11th"]
[Site "Cancun"]
[Date "2023.10.15"]
[Round "9"]
[White "Diaz Perez, Michel Alejandro"]
[Black "Figueredo Losada, Leonel"]
[Result "1-0"]
[WhiteElo "2473"]
[BlackElo "2365"]
[PlyCount "99"]
[EventDate "2023.10.11"]
[EventType "swiss"]
[EventRounds "9"]
[EventCountry "MEX"]
[SourceTitle "Mega2024 Update 01"]
[Source "Chessbase"]
[SourceDate "2023.11.12"]
[SourceVersion "1"]
[SourceVersionDate "2023.11.12"]
[SourceQuality "1"]

1. d4 d5 2. c4 e6 3. Nf3 Nf6 4. Nc3 h6 5. Qc2 c5 6. cxd5 exd5 7. Bf4 Nc6 8. e3 cxd4 9. Nxd4 Bb4 10. Nxc6 bxc6 11. Be2 0-0 12. 0-0 Bd6 13. Bxd6 Qxd6 14. Rac1 Bd7 15. Na4 h5 16. Nc5 Bc8 17. Rfd1 Bg4 18. h3 Bxe2 19. Qxe2 a5 20. b3 Rfe8 21. Rc2 Re7 22. Qd3 g5 23. Rdc1 g4 24. Qf5 d4 25. Nb7 Qe5 26. Qxe5 Rxe5 27. exd4 Re4 28. Rxc6 Nd5 29. hxg4 hxg4 30. Rc8+ Rxc8 31. Rxc8+ Kg7 32. Nxa5 f5 33. Rc1 f4 34. Nc4 Re2 35. a4 Nf6 36. Kf1 Ra2 37. Re1 Kg6 38. a5 Kf5 39. Re5+ Kg6 40. d5 f3 41. gxf3 gxf3 42. Re6 Kg5 43. d6 Kf5 44. Re1 Kf4 45. Kg1 Ng4 46. Rf1 Nf6 47. Rd1 Ne4 48. Rd4 Ra1+ 49. Kh2 Ra2 50. Nd2 1-0

[Event "Cancun Camara Cup 11th"]
[Site "Cancun"]
[Date "2023.10.15"]
[Round "8"]
[White "Figueredo Losada, Leonel"]
[Black "Diaz Rosas, Julio Cesar"]
[Result "1-0"]
[WhiteElo "2365"]
[BlackElo "2337"]
[PlyCount "57"]
[EventDate "2023.10.11"]
[EventType "swiss"]
[EventRounds "9"]
[EventCountry "MEX"]
[SourceTitle "Mega2024 Update 01"]
[Source "Chessbase"]
[SourceDate "2023.11.12"]
[SourceVersion "1"]
[SourceVersionDate "2023.11.12"]
[SourceQuality "1"]

1. e4 c6 2. d4 d5 3. e5 Bf5 4. h4 h5 5. Bg5 Qb6 6. Bd3 Bxd3 7. Qxd3 Qa6 8. Qh3 e6 9. Nc3 Ne7 10. Nge2 c5 11. 0-0 Nbc6 12. a4 Qa5 13. Nb5 Nf5 14. c4 dxc4 15. d5 Ncd4 16. Nexd4 cxd4 17. d6 Rc8 18. Qf3 Rc6 19. Rfd1 Qb6 20. Qe4 d3 21. b3 a6 22. bxc4 axb5 23. axb5 Rc8 24. c5 Qxb5 25. Rdb1 Ng3 26. fxg3 Qxc5+ 27. Kh2 f5 28. exf6 Bxd6 29. Qg6+ 1-0